| 000 | 02066nam0a2200361 4500 | ||
|---|---|---|---|
| 001 | RU\NLR\bibl\851054 | ||
| 005 | 20250614152005.0 | ||
| 035 | _a(NLR Aleph) 000839805 | ||
| 090 |
_a1413255 _c1413255 |
||
| 100 | _a20051010d2004 |||y0rusy50 ca | ||
| 101 | 0 | _arus | |
| 102 | _aRU | ||
| 105 | _aa ||||||||| | ||
| 200 | 1 |
_aСанитарно-микробиологический контроль в пищевой и фармацевтической промышленности _fВ.А. Галынкин, Н.А. Заикина, К.А. Каграманова [и др.] _gНауч.-исслед. и проектно-конструкт. ин-т по развитию и эксплуатации флота "Гипрорыбфлот", Санкт-Петерб. гос. хим.-фармац. акад. |
|
| 210 |
_aСанкт-Петербург _c[б.и.] _d2004 |
||
| 215 |
_a248 с. _cил. _d24 |
||
| 320 | _aБиблиогр.: с. 242-248 | ||
| 606 | 1 |
_aПищевая промышленность _xСанитарно-микробиологический контроль _92395107 _3RU\NLR\auth\661428073 |
|
| 606 | 1 |
_aПищевые продукты _xСанитарно-гигиенические исследования _91893598 _3RU\NLR\auth\66861397 |
|
| 606 | 1 |
_aПищевые продукты _xСанитарно-микробиологический контроль _92395105 _3RU\NLR\auth\661428072 |
|
| 606 | 1 |
_aХимико-фармацевтическая промышленность _xСанитарно-микробиологический контроль _92395109 _3RU\NLR\auth\661428074 |
|
| 686 | _aР123.16 | ||
| 686 | _aР123.9-1 | ||
| 686 | _aР124.511.8-1 | ||
| 701 | 1 |
_aГалынкин _bВ. А. _gВалерий Абрамович _4070 |
|
| 701 | 1 |
_aЗаикина _bН. А. _gНадежда Александровна _4070 |
|
| 701 | 1 |
_aКаграманова _bК. А. _4070 |
|
| 801 | 0 |
_aRU _bNLR _c20051010 _grcr |
|
| 801 | 1 |
_aRU _bNLR _c20051010 |
|
| 830 | _a1,2 авт. по ЭК | ||
| 942 | _cBOOK | ||
| 980 | _aNB | ||